000 00755nam a22001937a 4500
005 20160429103646.0
010 _aHIN-107415
020 _c250.00
_a9789351865766
035 _aHN-79761
037 _bDBAD/PUB.
082 _a920
100 _aसिन्हा, अरूणिमा
245 _aएवरेस्ट की बेटी /
_cअरूणिमा सिन्हा
246 _aEverest Ki Beti
260 _aनई दिल्ली
_bप्रभात प्रकाशन
_c2016
270 _a4/19, आसफ अली रोड,
_bनई दिल्ली
_e110002
_mprabhatbooks@gmail.com
300 _a160पृ.
_c22 से.मी (सजिल्द)
942 _2ddc
_cHN
_h920
_mसिन्हाअ
999 _c99820
_d99820